| 000 | 00449nam a22001697a 4500 | ||
|---|---|---|---|
| 005 | 20251108164115.0 | ||
| 008 | 250721s1994 xx 000 0 ara d | ||
| 082 | 1 | 4 | _a811.9562/جحا |
| 100 | 1 | _aحجار، بسام | |
| 245 | 1 | 0 |
_aمهن القسوة : _bشعر / |
| 264 | 1 |
_aبيروت : _bدار الفارابي، _c1994. |
|
| 300 | _a86ص | ||
| 650 | 1 | 7 | _aالشعر العربي |
| 650 | 1 | 7 | _aلبنان |
| 942 |
_2ddc _cBK |
||
| 999 |
_c3806 _d3806 |
||